000 00982cab a2200289 4500
001 WB2742-22
008 090401t1991 xxu||||| |||| 00| 0 eng d
035 _a(Sirsi) u27544
041 _aeng
245 _aIPD in new link up deal
260 _c1991
350 _a0
490 _aScotsman
_v28 October 1991, 24
490 _aEstates Times
_v(1117) 25 October 1991, 1
490 _aEstates Gazette
_v(9142) 26 October 1991, 59
490 _aChartered Surveyor Weekly
_v37 (5) 31 October 1991, 11(2)
520 _aIPD and WM Company are launching a new service from Spring 1992 called WM IPD Property Link Service. Assesses implications for the property industry.
650 _aINSTITUTIONAL INVESTMENT
650 _aIPD
650 _aPROPERTY INVESTMENT
650 _aPROPERTY PERFORMANCE MEASUREMENT
650 _aWM COMPANY
650 _aWM IPD PROPERTY LINK SERVICE
690 _aPROPERTY-PROPERTY FINANCE AND INVESTMENT
942 _n0
948 _c04/03/1997
999 _c18544
_d18544